000 00454cam a2200181ua 4500
001 192
008 110323n ii |||gr||||Z||||||eng
020 _a81-7046-123-5
040 _cMAIN
082 _a307.2
245 _aPeople of India Meghalaya.
250 _a1st. /
_bEdited by K.S. Singh.
260 _aCalcutta.:
_bAnthropological survey of India.,994.
300 _axvi, 263 p.:6 cm.
653 _aSociology.
653 _aMeghalaya.
942 _cBK
999 _c167
_d167